| 000 | 00651nam a22002177a 4500 | ||
|---|---|---|---|
| 003 | DO-SdBNP | ||
| 005 | 20210920154906.0 | ||
| 007 | ta | ||
| 008 | 210920b2018 ao||e |||| 001 easpa d | ||
| 020 | _a9789945803082 | ||
| 040 |
_aDO-SdBNP _bspa _cBNPHU |
||
| 082 |
_222 _bG993r _a610.927293 |
||
| 110 | 1 |
_aGuzmán, M.D., Eliscer _979963 |
|
| 245 | 1 |
_aRadiografía de un sueño logrado / _cEliscer Guzmán, M.D, |
|
| 260 |
_aSanto Domingo : _bBúho, _c2018. |
||
| 300 |
_a254 p. : _bil.; fot. _c23 cm |
||
| 500 | _a"New YorK, Estados Unidos de América. Invierno 2018" | ||
| 590 | _aInventariado, 2021 / SA | ||
| 910 | _aSaquino | ||
| 942 |
_2ddc _cLBS1 |
||
| 999 |
_c50584 _d50584 |
||